Winning job Interview/ (Record no. 180413)

MARC details
000 -LEADER
fixed length control field 00600nam a22001937a 4500
005 - DATE AND TIME OF LATEST TRANSACTION
control field 20220218152739.0
010 ## - LCCN (DPL NO)
LC control number ENG-129693
020 ## - INTERNATIONAL STANDARD BOOK NUMBER
Terms of availability 300.00
International Standard Book Number 9789390157068
035 ## - SYSTEM CONTROL NUMBER
System control number EN-113225
037 ## - SOURCE OF ACQUISITION
Source of stock number/acquisition DBAD/PUB
082 ## - DEWEY DECIMAL CLASSIFICATION NUMBER
Classification number 650.14
100 ## - MAIN ENTRY--PERSONAL NAME
Personal name Sinha,Mosam
245 ## - TITLE STATEMENT
Title Winning job Interview/
Statement of responsibility, etc Mosam Sinha
250 ## - EDITION STATEMENT
Edition statement 2020
260 ## - PUBLICATION, DISTRIBUTION, ETC. (IMPRINT)
Place of publication, distribution, etc New Delhi
Name of publisher, distributor, etc D.P.S Publishing House
Date of publication, distribution, etc 2020
270 ## - ADDRESS
Address 4598/12B,Gola Cottage, Ansari+- Road, Darya Ganj
City New Delhi
Postal code 110002
Telephone number 011-43586184
Electronic mail address dpspublishinghouse@gmail.com
300 ## - PHYSICAL DESCRIPTION
Extent 85p.
Dimensions 24cm(pbk)
942 ## - ADDED ENTRY ELEMENTS (KOHA)
Source of classification or shelving scheme Dewey Decimal Classification
Item type English Books
Classification part 650.14
Call number prefix SIN
Holdings
Withdrawn status Lost status Not for loan Collection code Home library Current library Date acquired Source of acquisition Cost, normal purchase price Full call number Barcode Copy number Cost, replacement price Koha item type
      Non-fiction Ashok Vihar Ashok Vihar 09/08/2021 DBAD/PUB 300.00 650.14 SIN EN-113225 1 300.00 English Books

© Delhi Public Library
Hit Counter
free hit counter